| 000 | 01057cam a2200253 4500 | ||
|---|---|---|---|
| 001 | ##L135343 | ||
| 002 | ##11561 | ||
| 008 | 061017n2006 000 0 eng u | ||
| 020 | _a1900648571 | ||
| 035 | _a(Sirsi) u135343 | ||
| 041 | 0 | _aeng | |
| 050 | 0 | 4 | _a346.410434 $2 18 |
| 100 | 1 | _aJordan, Nick | |
| 245 | 0 | 0 |
_aMulti-tenanted buildings 2007 _brights and responsibilities _bspecial report |
| 260 |
_a[S.l.] _bWorkplace Law Group _c2006 |
||
| 300 |
_a114p. _c30cm. |
||
| 350 | _a94 | ||
| 505 | 1 | _aA guide to new legislation -- Current legislation -- Legislative developments -- Multi-tenanted buildings: key cases -- Current issues -- Leases -- Charges -- Communal areas -- Health and safety: who is responsible -- Security -- Environment -- Access and egress -- Staff issues -- Offices of the future | |
| 520 | _aComprehensive research and up-to-date guidance on law and regulation for property managers, owners and tenants. | ||
| 590 | _aIKA141106 | ||
| 651 | 4 |
_aEngland and Wales _y1543- |
|
| 690 |
_aLandlord and tenant _96252 |
||
| 942 | _n0 | ||
| 999 |
_c106011 _d106011 |
||